000 00228nam a22000857a 4500
008 160712b xxu||||| |||| 00| 0 eng d
100 _92643
_a Bail, S
245 _aA Necessary Journey
260 _aNew Delhi
_bChildren Book Trust
_c2003
999 _c2296
_d2296